Statistics for Countries Where Drinking Alcohol Is Illegal

Click here to take the quiz!

General Stats

  • This quiz has been taken 72 times
  • The average score is 9 of 13

Answer Stats

Answer% Correct
Iran
96%
Saudi Arabia
96%
UAE
89%
Kuwait
86%
Pakistan
84%
Somalia
76%
Sudan
74%
Libya
69%
Bangladesh
61%
Mauritania
60%
India
56%
Brunei
49%
Maldives
49%

Score Distribution

Percentile by Number Answered

Percent of People with Each Score

Your Score History

You have not taken this quiz